00278nam a22001217a 4500003000400000020002200004082001400026100001800040245005000058250000800108260003200116300000800148SGT a978-81-312-5003-7 a612bM18K aKHURANA, INDU aMEDICAL PHYSIOLOGY FOR UNDERGRADUATE STUDENTS a2ND aINDIA bELSEVIER PUB.c2018 a926